Statistiche per Stati americani con i più nativi americani

Clicka qui per fare il quiz!

Statistiche generali

  • Questo quiz è stato fatto 100 volte
  • Il punteggio medio è 5 su 10

Statistiche sulle risposte

Numero di nativi
americani
Stato% Corretto
170,972Texas
90%
362,801California
87%
103,869Washington
68%
296,529Arizona
67%
106,906New York
62%
321,687Oklahoma
45%
104,871Alaska
38%
193,222Nuovo Messico
36%
122,110Carolina del Nord
22%
71,817Dakota del Sud
20%

Distribuzione punteggi

Percentile per numero di risposta

Percentuale di utenti per punteggio

I tuoi punteggi nel tempo

Non hai fatto questo quiz